Alam terbentang menjadi guru : koleksi ucapan YB. Datuk Utama Dr. Rais Yatim (Menteri Kebudayaan, Kesenian dan Warisan Mac 2004-Mac 2008

Bibliographic Details
Format: Book
Published: KL : JKKN , 2009
Subjects:

MARC

LEADER 00000cam a2200000 7i4500
001 0000030458
005 20110525.0
008 110128
020 |a 9834222543 
090 0 0 |a 306.09595   |b ALA 
245 1 0 |a Alam terbentang menjadi guru :   |b koleksi ucapan YB. Datuk Utama Dr. Rais Yatim (Menteri Kebudayaan, Kesenian dan Warisan Mac 2004-Mac 2008 
260 |a KL :   |b JKKN ,   |c 2009 
610 0 |a Rais Yatim, Datuk Seri Utama, 1942- 
650 0 |a Rites and ceremonies   |z Malaysia 
650 0 |a Speeches, addresses, etc 
999 |a 0001081252   |b Book   |c REFERENCE   |e Perbadanan Perpustakaan Awam Johor 
999 |a 0001081480   |b Book   |c REFERENCE   |e Perbadanan Perpustakaan Awam Johor 
999 |a 0001260779   |b Book   |c Adult Collection   |e Cawangan Segamat 
999 |a 0001260780   |b Book   |c Adult Collection   |e Cawangan Bandar Penawar 
999 |a 0001260781   |b Book   |c Adult Collection   |e Cawangan Muar 
999 |a 0001260782   |b Book   |c Adult Collection   |e Cawangan Bandar Tenggara 
999 |a 0001260783   |b Book   |c Adult Collection   |e Cawangan Tangkak 
999 |a 0001260784   |b Book   |c Adult Collection   |e Cawangan Mersing 
999 |a 0001260785   |b Book   |c Adult Collection   |e Cawangan Bukit Gambir 
999 |a 0001260786   |b Book   |c Adult Collection   |e Cawangan Segamat 
999 |a 0001260788   |b Book   |c Adult Collection   |e Cawangan Pontian 
999 |a 0001260791   |b Book   |c Adult Collection   |e Cawangan Taman Sri Lambak 
999 |a 0001261746   |b Book   |c Adult Collection   |e Perbadanan Perpustakaan Awam Johor 
999 |a 0001296160   |b Book   |c Adult Collection   |e Perbadanan Perpustakaan Awam Johor 
999 |a 0001442244   |b Book   |c Adult Collection   |e Cawangan Bandar Penawar